[Event "Cheliabinsk Lozovatsky Memorial-A"]
[Site "Cheliabinsk"]
[Date "2023.01.28"]
[Round "2"]
[White "Sapenov, Daniyal"]
[Black "Suleimen, Ergali"]
[Result "1/2-1/2"]
[WhiteElo "2306"]
[BlackElo "2071"]
[PlyCount "105"]
[EventDate "2023.01.27"]
[EventType "swiss"]
[EventRounds "10"]
[EventCountry "RUS"]
[SourceTitle "CBM 212 Extra"]
[Source "ChessBase"]
[SourceDate "2023.03.31"]
[SourceVersion "1"]
[SourceVersionDate "2023.03.31"]
[SourceQuality "1"]

1. d4 Nf6 2. c4 g6 3. Nc3 d5 4. cxd5 Nxd5 5. e4 Nxc3 6. bxc3 Bg7 7. Nf3 c5 8. Bb5+ Nc6 9. 0-0 0-0 10. Bxc6 bxc6 11. Qc2 cxd4 12. cxd4 Bg4 13. Ne5 Qxd4 14. Bb2 Qb6 15. Rfb1 Bxe5 16. Bxe5 Qa5 17. Bf4 Rfd8 18. h3 Be6 19. Rb7 Qa3 20. Be3 Qd3 21. Qa4 Rd7 22. Qxc6 Rad8 23. Rxa7 Rxa7 24. Bxa7 Qe2 25. a3 Rd1+ 26. Rxd1 Qxd1+ 27. Kh2 Qd6+ 28. Qxd6 exd6 29. Kg3 Kf8 30. Kf4 f6 31. Bd4 Ke7 32. a4 Bc4 33. a5 Ke6 34. h4 h6 35. g4 d5 36. exd5+ Bxd5 37. a6 g5+ 38. Kg3 gxh4+ 39. Kxh4 f5 40. Be3 fxg4 41. Kxg4 Kd7 42. f4 Kc7 43. f5 Kb8 44. Kh5 Ka8 45. f6 Ba2 46. Kg6 h5 47. Kxh5 Bb3 48. Kg6 Bc2+ 49. Kg7 Bb3 50. Kf8 Bc4 51. Ke7 Ba2 52. Kd6 Bc4 53. Ba7 1/2-1/2

[Event "Wch Blitz"]
[Site "Almaty"]
[Date "2022.12.30"]
[Round "13"]
[White "Akhilbay, Imangali"]
[Black "Suleimen, Ergali"]
[Result "0-1"]
[WhiteElo "2003"]
[BlackElo "2050"]
[PlyCount "62"]
[EventDate "2022.12.29"]
[EventType "swiss (blitz)"]
[EventRounds "21"]
[EventCountry "KAZ"]
[SourceTitle "CBM 212"]
[Source "ChessBase"]
[SourceDate "2023.02.28"]
[SourceVersion "1"]
[SourceVersionDate "2023.02.28"]
[SourceQuality "1"]

1. e4 c5 2. Nf3 Nc6 3. Nc3 e5 4. Bc4 g6 5. d3 h6 6. 0-0 Bg7 7. Be3 d6 8. Ne2 Nge7 9. Qd2 Bg4 10. c3 Bxf3 11. gxf3 Qd7 12. Kh1 Qh3 13. Ng1 Qh5 14. f4 0-0 15. Qe2 Qh4 16. Nf3 Qh3 17. Ng1 Qd7 18. Bb3 exf4 19. Bxf4 Kh7 20. Bg3 d5 21. f4 c4 22. dxc4 dxe4 23. Qxe4 Nf5 24. Rad1 Qc7 25. Rfe1 Na5 26. Nf3 Nxb3 27. axb3 Rfe8 28. Qxe8 Rxe8 29. Rxe8 Qc6 30. Kg2 Qxe8 31. Re1 Qc6 0-1

[Event "Wch Blitz"]
[Site "Almaty"]
[Date "2022.12.29"]
[Round "7"]
[White "Ghaem Maghami, Ehsan"]
[Black "Suleimen, Ergali"]
[Result "1-0"]
[WhiteElo "2596"]
[BlackElo "2050"]
[PlyCount "91"]
[EventDate "2022.12.29"]
[EventType "swiss (blitz)"]
[EventRounds "21"]
[EventCountry "KAZ"]
[SourceTitle "CBM 212"]
[Source "ChessBase"]
[SourceDate "2023.02.28"]
[SourceVersion "1"]
[SourceVersionDate "2023.02.28"]
[SourceQuality "1"]

1. Nf3 Nf6 2. c4 g6 3. Nc3 d5 4. cxd5 Nxd5 5. Qc2 Nb6 6. d4 Bg7 7. e4 0-0 8. Be3 Bg4 9. Ne5 Be6 10. Rd1 c6 11. Be2 N8d7 12. Nf3 a5 13. 0-0 a4 14. b3 axb3 15. axb3 Ra3 16. Rb1 h6 17. Rfd1 Qa8 18. h3 Rd8 19. Bc1 Ra7 20. Bb2 Nc8 21. Bd3 Nd6 22. Ne2 Qb8 23. Nf4 Nf8 24. e5 Nb5 25. Nxe6 Nxe6 26. Bxb5 cxb5 27. d5 Nf8 28. Qc5 e6 29. d6 Nd7 30. Qxb5 b6 31. Rdc1 Ra5 32. Qe2 Rd5 33. Rd1 Qb7 34. Rbc1 Rxd1+ 35. Qxd1 Qe4 36. Qc2 Qf4 37. Qc7 Ra8 38. Qxd7 Ra2 39. Qc8+ Kh7 40. Qc3 g5 41. Qd3+ Kg8 42. Rc8+ Bf8 43. d7 Rxb2 44. Rxf8+ Kxf8 45. d8Q+ Kg7 46. Qf6+ 1-0

[Event "Wch Blitz"]
[Site "Almaty"]
[Date "2022.12.29"]
[Round "1"]
[White "Hansen, Eric"]
[Black "Suleimen, Ergali"]
[Result "1/2-1/2"]
[WhiteElo "2568"]
[BlackElo "2050"]
[PlyCount "117"]
[EventDate "2022.12.29"]
[EventType "swiss (blitz)"]
[EventRounds "21"]
[EventCountry "KAZ"]
[SourceTitle "CBM 212"]
[Source "ChessBase"]
[SourceDate "2023.02.28"]
[SourceVersion "1"]
[SourceVersionDate "2023.02.28"]
[SourceQuality "1"]

1. e4 c5 2. Nf3 Nc6 3. Bb5 g6 4. Bxc6 dxc6 5. d3 Bg7 6. h3 Nf6 7. Nc3 Nd7 8. Be3 e5 9. Qd2 h6 10. 0-0 b6 11. Nh2 Nf8 12. f4 exf4 13. Bxf4 Ne6 14. Be3 Nd4 15. Rae1 Be6 16. b3 Qd7 17. Ne2 Nxe2+ 18. Qxe2 0-0-0 19. a4 Kb7 20. Rd1 f5 21. Nf3 g5 22. exf5 Bxf5 23. Qf2 Rhf8 24. Qg3 Qc7 25. Qxc7+ Kxc7 26. Rde1 Rd7 27. Nd2 Re7 28. Nc4 Be6 29. Nd2 Bd5 30. Rxf8 Bxf8 31. Nf1 Rf7 32. Re2 Bd6 33. Bf2 Re7 34. Ne3 Kd7 35. Kf1 Bf4 36. Re1 h5 37. Re2 g4 38. hxg4 hxg4 39. g3 Bxe3 40. Rxe3 Rxe3 41. Bxe3 Bf3 42. Ke1 Ke6 43. Kd2 Kd5 44. Bf4 a6 45. Bc7 b5 46. c4+ Ke6 47. Bb6 Kd6 48. Ba7 Bg2 49. Ke3 Bf3 50. Kd2 Bg2 51. Bb8+ Kd7 52. Bf4 Bf3 53. Bh6 Kc7 54. Bf8 Kb6 55. Be7 a5 56. Kc3 Bd1 57. Bd8+ Ka6 58. axb5+ cxb5 59. cxb5+ 1/2-1/2

[Event "Wch Blitz"]
[Site "Almaty"]
[Date "2022.12.29"]
[Round "4"]
[White "Suleimen, Ergali"]
[Black "Khusnutdinov, Rustam"]
[Result "1/2-1/2"]
[WhiteElo "2050"]
[BlackElo "2510"]
[PlyCount "145"]
[EventDate "2022.12.29"]
[EventType "swiss (blitz)"]
[EventRounds "21"]
[EventCountry "KAZ"]
[SourceTitle "CBM 212"]
[Source "ChessBase"]
[SourceDate "2023.02.28"]
[SourceVersion "1"]
[SourceVersionDate "2023.02.28"]
[SourceQuality "1"]

1. e4 d5 2. exd5 Qxd5 3. Nc3 Qa5 4. d4 Nf6 5. Nf3 Bf5 6. Bd3 e6 7. 0-0 Nc6 8. Bd2 Bxd3 9. cxd3 Qf5 10. Be3 Be7 11. Qb3 Rb8 12. Ne5 0-0 13. Nxc6 bxc6 14. Qc2 c5 15. dxc5 Bxc5 16. Ne4 Bb6 17. Rac1 Nd5 18. Bc5 Rfd8 19. a3 Nf4 20. Bxb6 cxb6 21. Rfd1 h6 22. b4 Rd7 23. Ng3 Qg6 24. d4 Qxc2 25. Rxc2 Rbd8 26. Rcd2 e5 27. Nf5 exd4 28. g3 Ne6 29. Rc1 h5 30. Kg2 g6 31. Nh4 Rc7 32. Rxc7 Nxc7 33. f4 Nb5 34. a4 Nc3 35. a5 d3 36. Nf3 Ne4 37. Rd1 f6 38. Ne1 d2 39. Nf3 Rc8 40. axb6 axb6 41. Nxd2 Rc2 42. Kf3 Nxd2+ 43. Ke3 Nc4+ 44. Kd3 Na3 45. Ra1 Rf2 46. Ke4 Nc2 47. Ra8+ Kf7 48. Ra7+ Ke6 49. Rb7 f5+ 50. Kd3 Nxb4+ 51. Ke3 Rxh2 52. Rxb6+ Kd5 53. Rxb4 Rc2 54. Kf3 Rc3+ 55. Kg2 Rc4 56. Rb6 Rc6 57. Rb4 Ke6 58. Kh3 Kf6 59. Rb8 Rc1 60. Rb6+ Kg7 61. Rb7+ Kh6 62. Rb6 Rf1 63. Ra6 Rf2 64. Ra4 Kg7 65. Ra7+ Kh6 66. Ra4 h4 67. gxh4 Kh5 68. Kg3 Rf1 69. Ra8 Rg1+ 70. Kh3 Rh1+ 71. Kg3 Rg1+ 72. Kh3 Rh1+ 73. Kg3 1/2-1/2

[Event "Wch Blitz"]
[Site "Almaty"]
[Date "2022.12.29"]
[Round "9"]
[White "Suleimen, Ergali"]
[Black "Uruci, Endrit"]
[Result "0-1"]
[WhiteElo "2050"]
[BlackElo "2379"]
[PlyCount "85"]
[EventDate "2022.12.29"]
[EventType "swiss (blitz)"]
[EventRounds "21"]
[EventCountry "KAZ"]
[SourceTitle "CBM 212"]
[Source "ChessBase"]
[SourceDate "2023.02.28"]
[SourceVersion "1"]
[SourceVersionDate "2023.02.28"]
[SourceQuality "1"]

1. e4 c5 2. Nf3 Nc6 3. Bb5 g6 4. Bxc6 dxc6 5. d3 Bg7 6. h3 e5 7. Be3 b6 8. Nc3 Qd6 9. Qd2 h6 10. a4 a5 11. 0-0 Nf6 12. Nh2 Nd7 13. f4 exf4 14. Bxf4 Ne5 15. Nf3 g5 16. Bh2 Be6 17. Qf2 Nxf3+ 18. Qxf3 Qd4+ 19. Kh1 0-0 20. Rae1 c4 21. e5 cxd3 22. cxd3 Rad8 23. Re3 Bd5 24. Nxd5 Qxd5 25. Qxd5 Rxd5 26. e6 fxe6 27. Rxf8+ Kxf8 28. Rxe6 Rxd3 29. Bg1 Rd1 30. Kh2 b5 31. Bc5+ Kf7 32. Re7+ Kg6 33. Re6+ Kf5 34. Rxc6 Be5+ 35. g3 bxa4 36. Kg2 Bxb2 37. Ra6 Bc3 38. g4+ Ke5 39. Bf8 Rd2+ 40. Kf3 Rd3+ 41. Kg2 Kd5 42. Bxh6 a3 43. Bg7 0-1

[Event "Wch Rapid"]
[Site "Almaty"]
[Date "2022.12.28"]
[Round "13"]
[White "Vetokhin, Savva"]
[Black "Suleimen, Ergali"]
[Result "1-0"]
[WhiteElo "2358"]
[BlackElo "2046"]
[PlyCount "173"]
[EventDate "2022.12.26"]
[EventType "swiss (rapid)"]
[EventRounds "13"]
[EventCountry "KAZ"]
[SourceTitle "CBM 212"]
[Source "ChessBase"]
[SourceDate "2023.02.28"]
[SourceVersion "1"]
[SourceVersionDate "2023.02.28"]
[SourceQuality "1"]

1. d4 Nf6 2. c4 g6 3. g3 Bg7 4. Bg2 d5 5. cxd5 Nxd5 6. Nf3 0-0 7. 0-0 Nb6 8. Nc3 Nc6 9. e3 e5 10. d5 e4 11. dxc6 Qxd1 12. Rxd1 exf3 13. Bxf3 bxc6 14. Ne2 Rb8 15. Nd4 Bd7 16. Rb1 c5 17. Nc6 Bxc6 18. Bxc6 Rfd8 19. Rxd8+ Rxd8 20. Bf3 c4 21. Be2 Na4 22. Bxc4 Rd1+ 23. Kg2 Nxb2 24. Rxb2 Rxc1 25. Rb8+ Bf8 26. Bd5 Kg7 27. Rd8 Be7 28. Rd7 Kf8 29. Bb3 a5 30. Rd4 Bd6 31. h4 h5 32. e4 Ke7 33. Rd5 Rc5 34. Rd2 Re5 35. Bd5 Kf8 36. f4 Re8 37. Rc2 Rd8 38. Rc6 a4 39. Bc4 f6 40. Kf3 Kg7 41. Ra6 a3 42. Ra5 Re8 43. Bb3 Rb8 44. e5 fxe5 45. fxe5 Rf8+ 46. Ke4 Re8 47. Rd5 Bb4 48. Kd4 Re7 49. Ke4 Bd6 50. Ba4 Bb4 51. Bb3 Bd6 52. Bd1 Bb4 53. g4 c6 54. Rd3 hxg4 55. Bxg4 Be1 56. Bd7 c5 57. e6 Bb4 58. Kd5 Kf6 59. Rf3+ Kg7 60. Rf4 Bc3 61. Kxc5 Be5 62. Rg4 Kf6 63. Rg2 Rh7 64. Rf2+ Ke7 65. Rf3 Bb2 66. Kc6 Bc1 67. Rf2 Bb2 68. Rf4 Bf6 69. Ra4 Bb2 70. Ra8 Rh8 71. Ra4 Rh5 72. Rg4 Rh6 73. Rf4 Rh7 74. Ra4 Rh5 75. Ra7 Rxh4 76. Bc8+ Ke8 77. Rf7 Rc4+ 78. Kb7 Rb4+ 79. Ka6 Re4 80. Bd7+ Kd8 81. Kb6 Rc4 82. Bc6 Bd4+ 83. Kb7 Rb4+ 84. Ka8 Bc5 85. Rd7+ Kc8 86. Bb7+ Rxb7 87. Rxb7 1-0

[Event "Wch Rapid"]
[Site "Almaty"]
[Date "2022.12.26"]
[Round "4"]
[White "Munkhgal, Gombosuren"]
[Black "Suleimen, Ergali"]
[Result "1-0"]
[WhiteElo "2413"]
[BlackElo "2046"]
[PlyCount "88"]
[EventDate "2022.12.26"]
[EventType "swiss (rapid)"]
[EventRounds "13"]
[EventCountry "KAZ"]
[SourceTitle "CBM 212"]
[Source "ChessBase"]
[SourceDate "2023.02.28"]
[SourceVersion "1"]
[SourceVersionDate "2023.02.28"]
[SourceQuality "1"]

1. d4 Nf6 2. Bf4 g6 3. Nc3 Bg7 4. e4 d5 5. e5 Ne4 6. Nxe4 dxe4 7. Ne2 c5 8. dxc5 0-0 9. Nc3 Nc6 10. Qxd8 Rxd8 11. Nxe4 Bf5 12. Bd3 Nxe5 13. Bxe5 Bxe5 14. 0-0-0 Rdc8 15. Rhe1 Rc7 16. g3 Rd8 17. c3 Rd5 18. Bc2 Bxe4 19. Rxd5 Bxd5 20. Rxe5 e6 21. b3 f6 22. Re3 e5 23. c4 Bf7 24. Be4 f5 25. Bg2 e4 26. f3 Rxc5 27. fxe4 b5 28. e5 bxc4 29. b4 Rb5 30. Bc6 Rb6 31. b5 Be6 32. a4 a5 33. Kc2 Rb8 34. Kc3 Rd8 35. b6 Kf7 36. Re1 f4 37. Be4 fxg3 38. hxg3 Ke7 39. b7 Rb8 40. Rb1 Bf5 41. Bxf5 gxf5 42. Kxc4 Kd7 43. Kd5 h5 44. e6+ Kc7 1-0

[Event "Wch Rapid"]
[Site "Almaty"]
[Date "2022.12.26"]
[Round "3"]
[White "Suleimen, Ergali"]
[Black "Bilguun, Sumiya"]
[Result "0-1"]
[WhiteElo "2046"]
[BlackElo "2468"]
[PlyCount "104"]
[EventDate "2022.12.26"]
[EventType "swiss (rapid)"]
[EventRounds "13"]
[EventCountry "KAZ"]
[SourceTitle "CBM 212"]
[Source "ChessBase"]
[SourceDate "2023.02.28"]
[SourceVersion "1"]
[SourceVersionDate "2023.02.28"]
[SourceQuality "1"]

1. e4 c5 2. Nf3 d6 3. d4 cxd4 4. Nxd4 Nf6 5. Nc3 a6 6. Bg5 Nbd7 7. Bc4 Qc7 8. Qe2 e6 9. 0-0-0 Nc5 10. Bxf6 gxf6 11. Kb1 Bd7 12. f4 0-0-0 13. a3 Kb8 14. Ba2 Rc8 15. Rhf1 h5 16. f5 e5 17. Nd5 Qd8 18. Nb3 Na4 19. Rf3 Bb5 20. Qe1 Rg8 21. g3 Bh6 22. Qa5 Qxa5 23. Nxa5 Be2 24. Rff1 Bxf1 25. Rxf1 Nc5 26. Nxf6 Rh8 27. Nb3 Nxb3 28. Bxb3 Bg5 29. Nd5 h4 30. Nc3 hxg3 31. hxg3 f6 32. Be6 Rcd8 33. Rf3 Rh2 34. Nd5 Re2 35. Nc3 Re3 36. Rxe3 Bxe3 37. g4 Rh8 38. Bf7 Rh2 39. Bh5 Rg2 40. b4 b5 41. Nd5 Bg5 42. Kb2 Re2 43. Nc3 Re1 44. Kb3 Re3 45. Kb2 Ka7 46. Be8 Rg3 47. Bh5 Re3 48. Be8 Kb7 49. Bh5 Kc8 50. Bf7 Rg3 51. Bh5 Bc1+ 52. Kxc1 Rxc3 0-1